[Event "CMA Futurity 2017.01.10 ABCD"]
[Site "Montreal CAN"]
[Date "2017.02.11"]
[Round "3"]
[White "Chiku-Ratte, Olivier-Kenta"]
[Black "Lopez Linares, Lizandro"]
[Result "1-0"]
[WhiteElo "2284"]
[BlackElo "2104"]
[PlyCount "101"]
[EventDate "2017.02.10"]
[EventType "tourn"]
[EventRounds "5"]
[EventCountry "CAN"]

1. d4 d5 2. c4 c6 3. Nf3 Nf6 4. Nc3 dxc4 5. a4 Bf5 6. Ne5 Nbd7 7. Nxc4 Nb6 8.
Ne5 a5 9. g3 e6 10. Bg2 Bb4 11. O-O h6 12. e3 O-O 13. Qe2 Bh7 14. Rd1 Qe7 15.
Nd3 Nbd5 16. Bd2 Bxd3 17. Qxd3 Bd6 18. e4 Nb4 19. Qc4 Bc7 20. Rac1 Bb6 21. h3
Rfd8 22. Be3 Rac8 23. Rd2 Rd7 24. Rcd1 Rcd8 25. Qe2 Na6 26. f4 Qb4 27. Qf2 c5
28. d5 exd5 29. Nxd5 Nxd5 30. exd5 Re8 31. Kh2 Qb3 32. Rd3 Qxa4 33. b3 Qb4 34.
d6 a4 35. Bd5 a3 36. f5 Bd8 37. f6 Bxf6 38. Bxh6 a2 39. Qxa2 gxh6 40. Qf2 Bg7
41. Qf5 Nb8 42. Rf1 Re5 43. Bxf7+ Kh8 44. Qf2 Nc6 45. Bc4 Nd4 46. Re3 Rd8 47.
Rxe5 Bxe5 48. Qe3 Bg7 49. d7 Ne6 50. Bxe6 Ra8 51. Bc4 1-0

[Event "CMA Futurity 2017.01.10 ABCD"]
[Site "Montreal CAN"]
[Date "2017.02.12"]
[Round "4"]
[White "Chiku-Ratte, Olivier-Kenta"]
[Black "Leveille, Francois"]
[Result "1-0"]
[WhiteElo "2284"]
[BlackElo "2279"]
[PlyCount "103"]
[EventDate "2017.02.10"]
[EventType "tourn"]
[EventRounds "5"]
[EventCountry "CAN"]

1. d4 d5 2. c4 e6 3. Nc3 c5 4. cxd5 exd5 5. Nf3 Nc6 6. g3 Nf6 7. Bg2 Be7 8. O-O
O-O 9. dxc5 Bxc5 10. Na4 Be7 11. Be3 Re8 12. Rc1 Bg4 13. h3 Bxf3 14. Bxf3 Qd7
15. Bg2 Rad8 16. Re1 Ne4 17. a3 h6 18. Nc5 Bxc5 19. Bxc5 d4 20. Qd3 f5 21. Red1
Kh8 22. Bb4 Nxb4 23. axb4 Qd6 24. Qb5 Qe7 25. Qxf5 Nf6 26. Bf3 Qxb4 27. Rc7 Re7
28. Rdc1 Qxb2 29. Rxe7 Qxc1+ 30. Kg2 Qg5 31. Qxg5 hxg5 32. Rxb7 Rd7 33. Rb5 Kg8
34. Rxg5 Kf7 35. Ra5 Ke6 36. g4 Rc7 37. g5 Nd7 38. Kg3 Nc5 39. Kg4 Ke5 40. h4
a6 41. h5 Ke6 42. Bg2 Kd6 43. f4 Re7 44. Bf3 Re3 45. Ra1 Rb3 46. h6 gxh6 47.
gxh6 Ke6 48. Kg5 Rb8 49. f5+ Ke7 50. f6+ Ke6 51. h7 Rh8 52. Kg6 1-0

[Event "CMA Futurity 2017.01.10 ABCD"]
[Site "Montreal CAN"]
[Date "2017.02.12"]
[Round "5"]
[White "Masse, Hugues"]
[Black "Chiku-Ratte, Olivier-Kenta"]
[Result "0-1"]
[WhiteElo "2284"]
[BlackElo "2179"]
[PlyCount "115"]
[EventDate "2017.02.10"]
[EventType "tourn"]
[EventRounds "5"]
[EventCountry "CAN"]

1. d4 Nf6 2. c4 g6 3. g3 Bg7 4. Bg2 O-O 5. Nc3 d6 6. Nf3 c5 7. d5 e6 8. O-O
exd5 9. cxd5 Re8 10. Bf4 a6 11. a4 Ne4 12. Nxe4 Rxe4 13. Nd2 Rb4 14. Ra2 h6 15.
b3 g5 16. Be3 Nd7 17. Nc4 Nb6 18. Qc2 Nxc4 19. bxc4 a5 20. Bd2 Bd7 21. e4 b6
22. Bf3 Bd4 23. Kg2 Qc8 24. Re1 Bh3+ 25. Kg1 Qd8 26. Qd3 Qf6 27. Bxb4 axb4 28.
Bd1 Bc3 29. Re3 Bd7 30. Kg2 Be5 31. Re1 Qd8 32. Bb3 Qe8 33. Qd1 Bc3 34. Re3 Bd4
35. Re1 Be5 36. Re3 Kg7 37. Re1 Qe7 38. Re3 Bd4 39. Re1 Bc3 40. Re3 Qf6 41. Qf3
Qe5 42. Rxc3 bxc3 43. Rc2 Bxa4 44. Rxc3 b5 45. cxb5 Bxb5 46. Bc4 Bxc4 47. Rxc4
Ra2 48. h4 Rd2 49. hxg5 hxg5 50. Kf1 Qa1+ 51. Kg2 Rd1 52. Qc3+ Qxc3 53. Rxc3
Kf6 54. f4 g4 55. Rc2 Re1 56. e5+ Ke7 57. Rc4 f6 58. exd6+ 0-1

[Event "Ligue elite du dimanche"]
[Site "Montreal CAN"]
[Date "2017.01.21"]
[Round "1"]
[White "Chiku-Ratte, Olivier-Kenta"]
[Black "Huang, Qiuyu"]
[Result "1-0"]
[WhiteElo "2447"]
[BlackElo "2165"]
[PlyCount "81"]
[EventDate "2017.01.15"]
[EventType "tourn"]
[EventRounds "5"]
[EventCountry "CAN"]

1. d4 d5 2. c4 e6 3. Nc3 Nf6 4. cxd5 exd5 5. Bg5 c6 6. Qc2 Be7 7. e3 Nbd7 8.
Bd3 h6 9. Bh4 Nh5 10. Bxe7 Qxe7 11. Nge2 Nb6 12. h3 Be6 13. O-O-O O-O-O 14. g4
Nf6 15. f3 Kb8 16. e4 c5 17. e5 Nfd7 18. f4 cxd4 19. Nxd4 Nc5 20. f5 Bd7 21.
Qh2 Ka8 22. Rhe1 Nca4 23. Ndb5 Rc8 24. Kb1 Qb4 25. Qd2 Nxc3+ 26. Nxc3 Rhe8 27.
Ne4 Qxd2 28. Nxd2 Bc6 29. Nf3 Nd7 30. e6 Nc5 31. Nd4 fxe6 32. fxe6 a6 33. Bg6
Re7 34. Bf7 Ne4 35. Nf5 Rec7 36. Rc1 Kb8 37. e7 Nf6 38. Nd6 Rh8 39. e8=Q+ Bxe8
40. Rxc7 Kxc7 41. Nxe8+ 1-0

[Event "Ligue elite du dimanche"]
[Site "Montreal CAN"]
[Date "2017.01.29"]
[Round "2"]
[White "Chiku-Ratte, Olivier-Kenta"]
[Black "Rodrigue-Lemieux, Shawn"]
[Result "1/2-1/2"]
[WhiteElo "2449"]
[BlackElo "2197"]
[PlyCount "115"]
[EventDate "2017.01.15"]
[EventType "tourn"]
[EventRounds "5"]
[EventCountry "CAN"]

1. d4 d5 2. c4 e5 3. dxe5 d4 4. Nf3 Nc6 5. g3 Nge7 6. Bg2 Ng6 7. Bg5 Qd7 8. e6
fxe6 9. O-O h6 10. Bc1 Be7 11. Qc2 Nge5 12. Nxe5 Nxe5 13. Be4 O-O 14. Nd2 Bf6
15. f4 Nf7 16. c5 c6 17. Nf3 Qe7 18. Qc4 b5 19. cxb6 Nd6 20. Qc2 Nxe4 21. Qxe4
axb6 22. Nxd4 Ra4 23. e3 c5 24. b3 Ra6 25. a4 cxd4 26. Ba3 Qb7 27. Qxb7 Bxb7
28. Bxf8 Kxf8 29. Rad1 dxe3 30. Rfe1 Bf3 31. Rd3 Be4 32. Rdd1 e2 33. Rd2 Bc3
34. Rdxe2 Bd4+ 35. Kf1 Bd3 36. Rd1 Bxe2+ 37. Kxe2 Bc5 38. Rd7 Ra8 39. Kd3 Bg1
40. h3 Bh2 41. Rb7 Bxg3 42. Rxb6 Bxf4 43. Rxe6 Kf7 44. Rb6 Rb8 45. Rxb8 Bxb8
46. a5 Ke6 47. Ke4 Bd6 48. Kd4 Bb4 49. a6 Kd6 50. h4 Bc5+ 51. Ke4 Ke6 52. b4
Bb6 53. h5 Ke7 54. Kd5 Kd7 55. b5 Ba7 56. Ke5 Bc5 57. Kd5 Bb6 58. Ke5 1/2-1/2

[Event "Ligue elite du dimanche"]
[Site "Montreal CAN"]
[Date "2017.02.26"]
[Round "3"]
[White "Kraiouchkine, Nikita"]
[Black "Chiku-Ratte, Olivier-Kenta"]
[Result "1-0"]
[WhiteElo "2284"]
[BlackElo "2478"]
[PlyCount "177"]
[EventDate "2017.01.15"]
[EventType "tourn"]
[EventRounds "5"]
[EventCountry "CAN"]

1. Nf3 Nf6 2. e3 g6 3. b3 Bg7 4. Bb2 O-O 5. c4 c5 6. d4 cxd4 7. exd4 d5 8. Nc3
Nc6 9. Ne5 Qa5 10. Qd2 dxc4 11. Nxc4 Qd8 12. Rd1 Bf5 13. Be2 Nb4 14. O-O Nfd5
15. Bf3 Rc8 16. Nxd5 Nxd5 17. Rc1 Be6 18. Rfe1 Bf6 19. g3 Qd7 20. Ne5 Qb5 21.
Be4 Kg7 22. f4 Qa6 23. Ba1 Qa3 24. Nc4 Qb4 25. Qxb4 Nxb4 26. a3 Nd5 27. Ne5
Rfd8 28. Kf2 a5 29. Bb2 Kf8 30. Rxc8 Rxc8 31. Rc1 Rxc1 32. Bxc1 Nc3 33. Bxb7
Bxb3 34. Nd7+ Kg7 35. Nxf6 Kxf6 36. Ke3 Ke6 37. Kd3 Nd5 38. Bd2 a4 39. Bc8+ Kd6
40. Bg4 e6 41. Bf3 f6 42. g4 e5 43. dxe5+ fxe5 44. f5 gxf5 45. gxf5 Nf6 46.
Bb4+ Kd7 47. Bg2 Ba2 48. Bh3 Bd5 49. Be1 Be4+ 50. Kc4 h5 51. Kb5 Bc2 52. Bf1
Ng4 53. h4 Ke7 54. Kb4 Kf6 55. Bb5 Kxf5 56. Bxa4 Ne3 57. Bd7+ Ke4 58. a4 Bd3
59. Kc5 Nc2 60. Bc3 Nd4 61. a5 Ke3 62. Kd5 Nf3 63. Kc5 Nd4 64. Be8 Be2 65. Kd5
Nf5 66. Be1 e4 67. Kc5 Nd4 68. Bf7 Nc2 69. Bc3 Na3 70. Bb2 Nb1 71. Bc4 Nd2 72.
Bd4+ Kf4 73. Bxe2 Nb3+ 74. Kb6 Nxd4 75. a6 Nxe2 76. a7 e3 77. a8=Q Ng3 78. Qg2
e2 79. Qf2+ Kg4 80. Kc6 Kxh4 81. Kd5 Kg4 82. Ke5 h4 83. Qe3 Kh3 84. Qg1 Kg4 85.
Qf2 Kg5 86. Qf4+ Kg6 87. Qf6+ Kh5 88. Kf4 Ne4 89. Qf5+ 1-0

[Event "Ligue elite du dimanche"]
[Site "Montreal CAN"]
[Date "2017.03.26"]
[Round "4"]
[White "Chiku-Ratte, Olivier-Kenta"]
[Black "Zhu, Hong Rui"]
[Result "0-1"]
[WhiteElo "2481"]
[BlackElo "2316"]
[PlyCount "144"]
[EventDate "2017.01.15"]
[EventType "tourn"]
[EventRounds "5"]
[EventCountry "CAN"]

1. d4 d5 2. c4 e6 3. Nf3 c6 4. e3 f5 5. Bd3 Nf6 6. O-O Bd6 7. b3 Qe7 8. Bb2 O-O
9. Qc1 b6 10. Ba3 Bb7 11. Bxd6 Qxd6 12. Nc3 Nbd7 13. cxd5 cxd5 14. Nb5 Qe7 15.
Qc7 Ba6 16. Rac1 Rac8 17. Qxa7 Ra8 18. Qc7 Rac8 19. Qf4 Rxc1 20. Rxc1 Qb4 21.
a4 Qxb3 22. Bf1 Qxa4 23. Nc7 Bxf1 24. Kxf1 Rc8 25. Qd6 Nf8 26. Qxb6 Qa3 27. Qc5
Qd3+ 28. Kg1 Ne8 29. Ne5 Qd2 30. Nf3 Qb2 31. Re1 Rxc7 32. Qa5 Rc2 33. Qd8 Nf6
34. Rf1 Ne4 35. Qh4 Rc1 36. h3 Rxf1+ 37. Kxf1 Qc1+ 38. Ne1 Qd2 39. Qf4 Nc3 40.
Qf3 g6 41. g4 Nd7 42. gxf5 exf5 43. Ng2 Qd1+ 44. Qxd1 Nxd1 45. Nf4 Nf6 46. Ke2
Nc3+ 47. Kf3 Kf7 48. Nd3 Ke6 49. Nf4+ Kd6 50. Nd3 Nce4 51. Ne5 Ke6 52. h4 Ng4
53. Nd3 Kd6 54. Ke2 h6 55. f3 Ng3+ 56. Ke1 Nxe3 57. Kf2 f4 58. Nxf4 Ngf5 59.
Nxg6 Nc2 60. f4 Ncxd4 61. h5 Ng7 62. Ke3 Ndf5+ 63. Kf3 Nxh5 64. Kg4 Nhg7 65.
Ne5 Ke6 66. Nd3 Kf6 67. Ne5 h5+ 68. Kf3 Nd4+ 69. Ke3 Ngf5+ 70. Kd3 Ne6 71. Nd7+
Ke7 72. Nb6 Nxf4+ 0-1

[Event "Vendredi 2017.01.13 A"]
[Site "Montreal CAN"]
[Date "2017.01.13"]
[Round "1"]
[White "Chiku-Ratte, Olivier-Kenta"]
[Black "Chabot, Roland"]
[Result "1-0"]
[WhiteElo "2449"]
[BlackElo "2209"]
[PlyCount "109"]
[EventDate "2017.01.13"]
[EventType "tourn"]
[EventRounds "3"]
[EventCountry "CAN"]

1. d4 d5 2. c4 e6 3. Nc3 Be7 4. cxd5 exd5 5. Bf4 c6 6. e3 Bf5 7. g4 Be6 8. h4
Nd7 9. h5 Nh6 10. Be2 Nb6 11. Nh3 g5 12. Be5 Rg8 13. Qc2 f6 14. Bg3 Rg7 15. f3
Bd6 16. Bxd6 Qxd6 17. O-O-O O-O-O 18. Bd3 Qd7 19. Rhg1 Kb8 20. Nf2 f5 21. gxf5
Bxf5 22. Kb1 Nc4 23. Rde1 Bxd3 24. Qxd3 Qf5 25. e4 Qxf3 26. Re2 Qxd3+ 27. Nxd3
dxe4 28. Nc5 Re8 29. N5xe4 g4 30. Rf2 Ne3 31. Nd6 Rd8 32. Rf6 Ng8 33. Re6 Nd5
34. Nxd5 cxd5 35. h6 Rgd7 36. Nf5 Rf7 37. Ne3 Rf6 38. Rxf6 Nxf6 39. Rf1 Rd6 40.
Kc2 Re6 41. Kd3 g3 42. Rf5 Rb6 43. b3 Rd6 44. Rf3 Nh5 45. Rf8+ Kc7 46. Rf7+ Kc6
47. Rxh7 Nf4+ 48. Kd2 g2 49. Nxg2 Nxg2 50. Rh8 Nh4 51. h7 Rh6 52. Rc8+ Kd6 53.
h8=Q Rxh8 54. Rxh8 Nf5 55. Kd3 1-0

[Event "Vendredi 2017.01.13 A"]
[Site "Montreal CAN"]
[Date "2017.01.20"]
[Round "2"]
[White "Yu, Zong Yang"]
[Black "Chiku-Ratte, Olivier-Kenta"]
[Result "0-1"]
[WhiteElo "2487"]
[BlackElo "2449"]
[PlyCount "64"]
[EventDate "2017.01.13"]
[EventType "tourn"]
[EventRounds "3"]
[EventCountry "CAN"]

1. d4 Nf6 2. c4 g6 3. Nc3 Bg7 4. e4 d6 5. Be2 O-O 6. Nf3 c5 7. O-O Nc6 8. d5
Na5 9. Bf4 Bg4 10. Nd2 Bxe2 11. Qxe2 Nd7 12. Rfc1 a6 13. a3 b5 14. cxb5 axb5
15. b4 Nb7 16. Nb3 cxb4 17. axb4 Rxa1 18. Nxa1 Qa8 19. Nb3 Qa3 20. Qxb5 Qxb3
21. Qxb7 Nc5 22. Qxe7 Nd3 23. Rb1 Qxc3 24. Bxd6 Nc1 25. h3 Qc2 26. Ra1 Qb2 27.
Ra7 Nd3 28. Kh2 Qxf2 29. Bg3 Be5 30. Qxe5 Qxa7 31. Qc3 Qe3 32. e5 Qe4 0-1

[Event "Vendredi 2017.01.13 A"]
[Site "Montreal CAN"]
[Date "2017.01.27"]
[Round "3"]
[White "Chiku-Ratte, Olivier-Kenta"]
[Black "Leveille, Francois"]
[Result "1-0"]
[WhiteElo "2449"]
[BlackElo "2334"]
[PlyCount "71"]
[EventDate "2017.01.13"]
[EventType "tourn"]
[EventRounds "3"]
[EventCountry "CAN"]

1. d4 e6 2. c4 Bb4+ 3. Nc3 c5 4. d5 exd5 5. cxd5 d6 6. a3 Ba5 7. e4 Nf6 8. Bd3
O-O 9. Nge2 Nbd7 10. O-O a6 11. Rb1 b5 12. b4 Bb6 13. Bg5 h6 14. Bh4 Ne5 15.
Kh1 Ng6 16. Bg3 Nh5 17. f4 Bg4 18. Qd2 Rc8 19. h3 cxb4 20. axb4 Nxg3+ 21. Nxg3
Qh4 22. Kh2 Be3 23. Qxe3 Rxc3 24. Ra1 Rfc8 25. Rxa6 Rb3 26. Rc6 Ra8 27. Rc2
Raa3 28. Rd2 Rxb4 29. e5 Bd7 30. e6 Be8 31. Ne4 Qd8 32. f5 Ne5 33. f6 Qa8 34.
Qg3 Ng6 35. Nxd6 Rbb3 36. exf7+ 1-0

[Event "North American op"]
[Site "Las Vegas USA"]
[Date "2016.12.26"]
[Round "2"]
[White "Chiku-Ratte, Olivier-Kenta"]
[Black "Friedel, Joshua"]
[Result "0-1"]
[WhiteElo "2300"]
[BlackElo "2510"]
[PlyCount "98"]
[EventDate "2016.12.26"]
[EventType "swiss"]
[EventRounds "9"]
[EventCountry "USA"]
[Source "Chess Mix"]

1. d4 Nf6 2. c4 e6 3. Nc3 Bb4 4. f3 c5 5. d5 O-O 6. e4 d6 7. Nge2 a6 8. Nf4 Qe7
9. Be2 exd5 10. cxd5 Nbd7 11. O-O Ne5 12. Nd3 Nxd3 13. Bxd3 b5 14. a4 c4 15.
Bc2 Bc5+ 16. Kh1 b4 17. Ne2 a5 18. Nd4 Bxd4 19. Qxd4 Nd7 20. Be3 Ba6 21. Rfe1
Rfc8 22. Qd2 c3 23. bxc3 Rxc3 24. Bd4 Rc7 25. e5 dxe5 26. Bxe5 Nxe5 27. d6 Rxc2
28. Qxc2 Qxd6 29. Qe4 Nc6 30. Rad1 Qe6 31. Qc2 Qc8 32. Rd6 Bb7 33. Rd5 g6 34.
h4 Ne7 35. Rc5 Qd8 36. Rd1 Bd5 37. h5 Qd6 38. Qf2 gxh5 39. Rb5 b3 40. Qe3 Qf6
41. Qe1 Rc8 42. Qg3+ Kh8 43. Rxa5 b2 44. Rb5 h4 45. Qf2 Rc1 46. Qd2 Rxd1+ 47.
Qxd1 Qc3 48. Kh2 Qc7+ 49. f4 Qxf4+ 0-1

[Event "North American op"]
[Site "Las Vegas USA"]
[Date "2016.12.27"]
[Round "3"]
[White "Patil, Anuprita"]
[Black "Chiku-Ratte, Olivier-Kenta"]
[Result "0-1"]
[WhiteElo "2066"]
[BlackElo "2300"]
[PlyCount "138"]
[EventDate "2016.12.26"]
[EventType "swiss"]
[EventRounds "9"]
[EventCountry "USA"]
[Source "Chess Mix"]

1. d4 Nf6 2. Nf3 g6 3. Nbd2 c5 4. c3 b6 5. e4 Bb7 6. e5 Ne4 7. Nxe4 Bxe4 8. Bc4
e6 9. O-O cxd4 10. cxd4 Bg7 11. Re1 Bxf3 12. Qxf3 Nc6 13. Be3 O-O 14. Rac1 a6
15. a4 Qh4 16. g3 Qe7 17. Qe2 Qb4 18. b3 b5 19. axb5 axb5 20. Bxb5 Nxd4 21.
Bxd4 Qxd4 22. Rcd1 Qb6 23. Rd6 Qc5 24. Qc4 Qa3 25. Rxd7 Bxe5 26. Ba4 Rac8 27.
Qe4 Bf6 28. Red1 Rc5 29. Qf4 Rf5 30. Qd6 Qb2 31. Qd2 Qe5 32. Re1 Qc5 33. Qe3
Qb4 34. Qe4 Qa5 35. Rc1 Bd8 36. Qe1 Qb6 37. Rc6 Qb8 38. Qe3 Re5 39. Rc8 Qxc8
40. Qxe5 Qc2 41. Qd4 Ba5 42. Qd1 Qe4 43. Qd3 Qe1+ 44. Qf1 Qc3 45. Qd3 Qa1+ 46.
Qd1 Qf6 47. Qd4 e5 48. Qd6 Qf5 49. Qd3 Qg4 50. Re7 Qg5 51. Re8 Bb4 52. Qc4 Bd6
53. Rxf8+ Kxf8 54. Bc6 Qe7 55. Bd5 Ba3 56. Kg2 Bb2 57. b4 Bd4 58. b5 Kg7 59.
Qc6 Qd8 60. Kf1 Qg5 61. Qb7 Qf5 62. f3 h5 63. Kg2 Qc2+ 64. Kh3 Qf5+ 65. Kg2 h4
66. g4 Qf4 67. b6 e4 68. Bxe4 h3+ 69. Kf1 Qe3 0-1

[Event "North American op"]
[Site "Las Vegas USA"]
[Date "2016.12.27"]
[Round "4"]
[White "Chiku-Ratte, Olivier-Kenta"]
[Black "Tang, Andrew"]
[Result "0-1"]
[WhiteElo "2300"]
[BlackElo "2466"]
[PlyCount "104"]
[EventDate "2016.12.26"]
[EventType "swiss"]
[EventRounds "9"]
[EventCountry "USA"]
[Source "Chess Mix"]

1. d4 d5 2. c4 e6 3. Nc3 Be7 4. cxd5 exd5 5. Bf4 c6 6. e3 Bf5 7. g4 Be6 8. h4
Nd7 9. Bd3 Bxh4 10. Qb3 g5 11. Nf3 gxf4 12. Rxh4 fxe3 13. fxe3 Qf6 14. Kf2
O-O-O 15. g5 Qg7 16. Rah1 h5 17. Rxh5 Rxh5 18. Rxh5 Qf8 19. Rh4 Qd6 20. Qc2 Kb8
21. Ne2 Ne7 22. Rh6 c5 23. Bb5 cxd4 24. exd4 Rc8 25. Qd2 Nf5 26. Bxd7 Qxd7 27.
Rh7 Nd6 28. Qf4 Ka8 29. g6 Qe7 30. g7 Ne4+ 31. Kf1 Rg8 32. Rh8 f6 33. Qh6 a6
34. Qh7 Qe8 35. Nf4 Bf7 36. Kg2 Qc8 37. Rxg8 Bxg8 38. Qh4 Qc2+ 39. Kh3 Qd1 40.
Kg4 Nd2 41. Qh3 Ka7 42. Qg2 Ne4 43. Kf5 Qc1 44. Kg4 Bh7 45. Nxd5 Qh6 46. Nxf6
Nxf6+ 47. Kg3 Ne4+ 48. Kg4 Qxg7+ 49. Kh3 Qh6+ 50. Kg4 Qg6+ 51. Kh3 Qh5+ 52. Nh4
Bf5+ 0-1

[Event "North American op"]
[Site "Las Vegas USA"]
[Date "2016.12.28"]
[Round "6"]
[White "Chiku-Ratte, Olivier-Kenta"]
[Black "Kung, Thomas"]
[Result "0-1"]
[WhiteElo "2300"]
[BlackElo "1892"]
[PlyCount "98"]
[EventDate "2016.12.26"]
[EventType "swiss"]
[EventRounds "9"]
[EventCountry "USA"]
[Source "Chess Mix"]

1. d4 d5 2. c4 c6 3. Nf3 Nf6 4. Nc3 dxc4 5. a4 Bf5 6. Ne5 Nbd7 7. Nxc4 Qc7 8.
g3 e5 9. dxe5 Nxe5 10. Bf4 Nfd7 11. Bg2 g5 12. Bxe5 Nxe5 13. Qd4 f6 14. Ne3 Be6
15. a5 a6 16. O-O Rd8 17. Qe4 Bc5 18. Nf5 O-O 19. Qc2 Nf7 20. Ne4 Be7 21. Ne3
Nd6 22. Nc5 Bc8 23. Nb3 Nb5 24. Be4 Bd6 25. Bf5 Be5 26. Bxc8 Rxc8 27. Nf5 Nd6
28. Nh6+ Kg7 29. Ng4 Nb5 30. Nc5 Nd4 31. Qd3 Rfe8 32. Rad1 Rcd8 33. Qc4 h5 34.
Nxe5 Qxe5 35. e3 Nf3+ 36. Kg2 Nd2 37. Qc3 Rd5 38. Rxd2 Qxc3 39. Rxd5 Qxb2 40.
Rd7+ Kg6 41. Rxb7 Qc3 42. Nd7 Qd3 43. Kg1 h4 44. Re1 h3 45. Nb6 Qe4 46. Kf1 Rd8
47. Ke2 Qd3+ 48. Kf3 g4+ 49. Kxg4 Qf5+ 0-1

[Event "Vendredi 2016.11.11 A"]
[Site "Montreal CAN"]
[Date "2016.11.11"]
[Round "1"]
[White "Chiku-Ratte, Olivier-Kenta"]
[Black "Leveille, Francois"]
[Result "1-0"]
[WhiteElo "2456"]
[BlackElo "2331"]
[PlyCount "87"]
[EventDate "2016.11.11"]
[EventType "tourn"]
[EventRounds "3"]
[EventCountry "CAN"]

1. d4 g6 2. c4 Bg7 3. e4 d6 4. Nc3 Nf6 5. f4 O-O 6. Nf3 c5 7. d5 e6 8. Be2 exd5
9. cxd5 Nbd7 10. O-O Re8 11. Nd2 a6 12. a4 Rb8 13. Kh1 Qc7 14. e5 dxe5 15. Nc4
b5 16. axb5 axb5 17. Nxe5 c4 18. Nc6 Rb6 19. Bf3 Nc5 20. Ra7 Qd6 21. Re1 Nd3
22. Rxe8+ Nxe8 23. Qe2 Qf8 24. Ne7+ Kh8 25. Nxc8 Rb8 26. d6 Nxc1 27. Qe3 Nd3
28. d7 Nf6 29. Bc6 b4 30. Nd5 Nxd7 31. Bxd7 Nxb2 32. Nce7 Nd1 33. Qf3 b3 34.
Qxd1 b2 35. Qb1 Ra8 36. Ra2 Rxa2 37. Qxa2 Qb8 38. Bb5 Bd4 39. g4 Kg7 40. Kg2 h6
41. Qxc4 Kh7 42. Qxd4 Qxb5 43. Nf6+ Kg7 44. Nd7+ 1-0

[Event "Vendredi 2016.11.11 A"]
[Site "Montreal CAN"]
[Date "2016.11.18"]
[Round "2"]
[White "Chiku-Ratte, Olivier-Kenta"]
[Black "Bolduc, Steve"]
[Result "1-0"]
[WhiteElo "2456"]
[BlackElo "2299"]
[PlyCount "71"]
[EventDate "2016.11.11"]
[EventType "tourn"]
[EventRounds "3"]
[EventCountry "CAN"]

1. d4 Nf6 2. c4 e6 3. Nc3 Bb4 4. f3 O-O 5. a3 Bxc3+ 6. bxc3 Ne8 7. Nh3 b6 8. e4
Ba6 9. Bd3 Qh4+ 10. Nf2 Nc6 11. O-O Na5 12. Qe2 c5 13. e5 Rc8 14. g3 Qe7 15. d5
d6 16. f4 Nb3 17. Rb1 Nxc1 18. Rbxc1 exd5 19. cxd5 Bxd3 20. Nxd3 c4 21. Nb4 Rc5
22. Nc6 Qd7 23. Rcd1 Nc7 24. exd6 Qxd6 25. Ne7+ Kh8 26. Rfe1 Re8 27. Qe5 Qd7
28. Qe4 Qd6 29. Qe5 Qd7 30. f5 f6 31. Qe4 Qd6 32. Qf4 Rd8 33. Nc6 Qxf4 34. gxf4
Rd6 35. Re7 Rcxc6 36. Rde1 1-0

[Event "Vendredi 2016.10.14 AB"]
[Site "Montreal CAN"]
[Date "2016.10.19"]
[Round "1"]
[White "Chiku-Ratte, Olivier-Kenta"]
[Black "Leveille, Francois"]
[Result "1-0"]
[WhiteElo "2439"]
[BlackElo "2336"]
[PlyCount "79"]
[EventDate "2016.10.14"]
[EventType "tourn"]
[EventRounds "3"]
[EventCountry "CAN"]

1. d4 Nf6 2. c4 c5 3. d5 e5 4. Nc3 d6 5. g3 Be7 6. Bg2 O-O 7. e4 Ne8 8. Nge2
Nd7 9. O-O a6 10. a4 b6 11. f4 Rb8 12. Qd3 Nc7 13. Be3 Re8 14. Rad1 Bf8 15. b3
b5 16. axb5 axb5 17. Nxb5 Nxb5 18. cxb5 exf4 19. gxf4 Nf6 20. b4 cxb4 21. Nd4
Ng4 22. Bd2 Qh4 23. h3 Nf6 24. Nc6 Ra8 25. Be1 Qh5 26. Bxb4 Nxe4 27. Bxe4 Bxh3
28. Bf3 Qh4 29. Rf2 g6 30. b6 Qxf4 31. Bg2 Qg4 32. b7 Rab8 33. Nxb8 Bxg2 34.
Rxg2 Qxb4 35. Nd7 Re1+ 36. Rxe1 Qxe1+ 37. Qf1 Qe3+ 38. Rf2 Qg5+ 39. Qg2 Qc1+
40. Kh2 1-0

[Event "Vendredi 2016.10.14 AB"]
[Site "Montreal CAN"]
[Date "2016.10.21"]
[Round "2"]
[White "Yu, Zong Yang"]
[Black "Chiku-Ratte, Olivier-Kenta"]
[Result "1/2-1/2"]
[WhiteElo "2457"]
[BlackElo "2439"]
[PlyCount "60"]
[EventDate "2016.10.14"]
[EventType "tourn"]
[EventRounds "3"]
[EventCountry "CAN"]

1. Nf3 c5 2. c4 Nf6 3. Nc3 e6 4. g3 b6 5. Bg2 Bb7 6. O-O Be7 7. Re1 Ne4 8. Nxe4
Bxe4 9. d3 Bb7 10. e4 Nc6 11. d4 cxd4 12. Nxd4 Nxd4 13. Qxd4 O-O 14. Be3 d6 15.
Qd2 Rc8 16. b3 Qc7 17. Rad1 Rfd8 18. Bd4 Bc6 19. a4 Qb7 20. Qe3 Bf8 21. Rd3 d5
22. cxd5 exd5 23. e5 Bd7 24. Rc1 Be6 25. Rdc3 Bb4 26. Rxc8 Rxc8 27. h3 Ba3 28.
Rc3 Bb4 29. Rc1 Ba3 30. Rc3 Bb4 1/2-1/2

[Event "Vendredi 2016.10.14 AB"]
[Site "Montreal CAN"]
[Date "2016.10.28"]
[Round "3"]
[White "Chiku-Ratte, Olivier-Kenta"]
[Black "Chabot, Roland"]
[Result "1-0"]
[WhiteElo "2439"]
[BlackElo "2230"]
[PlyCount "51"]
[EventDate "2016.10.14"]
[EventType "tourn"]
[EventRounds "3"]
[EventCountry "CAN"]

1. d4 Nf6 2. c4 d6 3. Nc3 Nbd7 4. e4 e5 5. Nf3 Be7 6. Be2 O-O 7. O-O c6 8. Be3
Ng4 9. Bd2 Qe8 10. h3 Ngf6 11. Be3 Bd8 12. d5 cxd5 13. cxd5 a6 14. a4 h6 15.
Qb3 Nh7 16. Rac1 f5 17. exf5 Rxf5 18. Ne4 Be7 19. Nfd2 Rf8 20. Nc4 Ng5 21. Bxg5
Bxg5 22. Nxg5 hxg5 23. Nxd6 Qg6 24. Nxc8 Raxc8 25. Rxc8 Rxc8 26. Qxb7 1-0

[Event "Varennes"]
[Site "Varennes CAN"]
[Date "2016.10.07"]
[Round "1.5"]
[White "Roy, Myriam"]
[Black "Chiku-Ratte, Olivier-Kenta"]
[Result "0-1"]
[WhiteElo "1998"]
[BlackElo "2439"]
[PlyCount "80"]
[EventDate "2016.10.07"]
[EventType "swiss"]
[EventRounds "5"]
[EventCountry "CAN"]

1. e4 c5 2. Nf3 d6 3. d4 Nf6 4. Nc3 cxd4 5. Nxd4 g6 6. f4 Nc6 7. Nf3 Bg4 8. Bd3
Bg7 9. h3 Bxf3 10. Qxf3 O-O 11. O-O Nd7 12. Be3 Qa5 13. Nd1 Nc5 14. a3 Nxd3 15.
cxd3 Rac8 16. Kh1 Qa6 17. Qe2 Nb4 18. axb4 Qxa1 19. Nc3 Qa6 20. Nd5 Rfe8 21. f5
e6 22. fxg6 fxg6 23. Nf6+ Bxf6 24. Rxf6 Qb5 25. Bh6 Qh5 26. Qe3 d5 27. e5 Qh4
28. d4 Rc2 29. Rf1 Rc7 30. g4 Qe7 31. Qf4 Qxb4 32. h4 Qe7 33. g5 Qf7 34. Qf6
Qxf6 35. gxf6 Kf7 36. Bd2 Rc2 37. Bc3 Re2 38. Ra1 a6 39. Ra3 Rc8 40. Rb3 b5 0-1

[Event "Varennes"]
[Site "Varennes CAN"]
[Date "2016.10.08"]
[Round "2.5"]
[White "Chiku-Ratte, Olivier-Kenta"]
[Black "Langlois-Remillard, Alexis"]
[Result "1-0"]
[WhiteElo "2439"]
[BlackElo "1954"]
[PlyCount "57"]
[EventDate "2016.10.07"]
[EventType "swiss"]
[EventRounds "5"]
[EventCountry "CAN"]

1. d4 d5 2. c4 Nc6 3. cxd5 Qxd5 4. e3 e5 5. Nc3 Bb4 6. Bd2 Bxc3 7. bxc3 Qd6 8.
Bd3 Nf6 9. Ne2 O-O 10. Qb1 a5 11. O-O Rd8 12. Rd1 a4 13. Ng3 e4 14. Nxe4 Nxe4
15. Bxe4 f5 16. Bxf5 Bxf5 17. Qxf5 Rf8 18. Qb5 Ra5 19. Qc4+ Kh8 20. Rab1 Raf5
21. Be1 Qg6 22. Qd3 Qh5 23. f4 R5f6 24. Rb5 Qh6 25. Rxb7 Ne7 26. Rxc7 Nd5 27.
Rd7 Rf5 28. c4 Nb4 29. Qxf5 1-0

[Event "Varennes"]
[Site "Varennes CAN"]
[Date "2016.10.08"]
[Round "3.2"]
[White "Tremblay, Rejean"]
[Black "Chiku-Ratte, Olivier-Kenta"]
[Result "0-1"]
[WhiteElo "2170"]
[BlackElo "2439"]
[PlyCount "60"]
[EventDate "2016.10.07"]
[EventType "swiss"]
[EventRounds "5"]
[EventCountry "CAN"]

1. d4 Nf6 2. c4 g6 3. Nc3 Bg7 4. Nf3 O-O 5. g3 c5 6. d5 e6 7. Bg2 exd5 8. cxd5
d6 9. O-O a6 10. a4 Re8 11. Nd2 Nbd7 12. h3 Rb8 13. Nc4 Ne5 14. Na3 Nh5 15. e4
Bd7 16. g4 b5 17. axb5 axb5 18. Nc2 b4 19. Ne2 Nf6 20. Ne3 Bb5 21. g5 Nfd7 22.
f4 Nd3 23. Qd2 c4 24. Rb1 N7c5 25. Qc2 Ba4 26. Qd2 Nb3 27. Qc2 Nbxc1 28. Qxa4
Nxe2+ 29. Kh2 Nexf4 30. Qxe8+ Qxe8 0-1